1795 1704 1405 1765 1666 1064 1962 1201 1176 1167 1328 1868 1227 1086 1768 1237 1357 1750 1544 1269 1158 1108 1265 1562 1691 1684 1176 1845 1478 1618 1756 1810 1798 1877 1073 1551 1479 1351 1970 1185 1642 1679 1420 1220 1455 1145 1694 1324 1514 1833 1347 1820 1042 1570 1083 1672 1623 1542 1874 1943 1601 1540 1042 1788 1065 1144 1003 1238 1134 1058 1563 1943 1081 1229 1247 1284 1260 1144 1689 1860 1551 1167 1969 1601 1213 1321 1391 1962 1748 1428 1364 1845 1537 1927 1921 1981 1790 1026 1553 BCNSPRNW ULIB Ver.6.0+V

เปลี่ยนเป็นภาษาไทย

Change to English
 แสดงรายละเอียดบรรณานุกรม
  กลับหน้าหลัก

Brief Record : Get Marc (ISO 2709) : E-mail record : QR code < ปิดหน้าต่าง
LEADER : 00000nam 2200000uu 4500
001    13399110298
003     ULIB
008    110428s2552||||th 000 0 tha d
024    9786115490065
100 0  ^aคมสัน วิเศษธร
245 00 ปรากฏการณ์ตาสว่าง^cคมสัน วิเศษธร
260    กรุงเทพฯ:^bอมรินทร์ธรรมะ^c2552
300    146 หน้า
400    ชุด มุมดีๆของชีวิต
650  7 การดำเนินชีวิต
650  7 ความสำเร็จ
650  7 จิตวิทยาประยุกต์
945    ^p130^l0^i030057
995    เกษร
999 ^a ใช้งานได้ทุกระบบ
รายการนี้ยังไม่มีแท็ก
คุณยังไม่ได้ล็อกอิน คุณสามารถมีกิจกรรมร่วมกับเว็บไซต์ได้ แต่ต้องล็อกอินก่อน ::
  ล็อกอิน

รายการสื่อสารสนเทศ

ลำดับที่ ประเภท เลขเรียก/บาร์โค้ด สถานที่ สถานะ
- ไม่พบข้อมูล -

รายการใกล้เคียง
    หัวเรื่อง [การดำเนินชีวิต]
    หัวเรื่อง [ความสำเร็จ]
    หัวเรื่อง [จิตวิทยาประยุกต์]

BibComment


ยังไม่เคยถูกคอมเมนท์

คอมเมนท์ทรัพยากรรายการนี้
  คอมเมนท์: ปรากฏการณ์ตาสว่าง..


 Copyright 2026. Bcnsprnw @Library